000 00467nam a2200169Ia 4500
003 LK-CoDNM
008 010623t1922 xxu||||| |||| 00| 1 sin d
040 _aLK-CoDNM
_dLK-CoDNM
_eLK-CoDNM
041 _asin
080 _a104 C 15
100 _aWickramasooriya,D.E
_eed.
245 _aබුද්ධශාසනය පිහිටුවීම
246 _aBuddhashaasanaya Pihituvima
260 _bMaha Bhodi
_aColombo
_c1922
300 _b10p, 21 cm
942 _cBK
999 _c91288
_d91288